000 00381nam a2200169Ia 4500
003 0STCL
008 150530s9999 xx 000 0 und d
040 _aSTCL
_cSTCL
100 _aHunck, J.M.
245 _aIndia tomorrow pattern of Ind-German future
250 _aSecond
260 _c1967
546 _aEnglish
942 _2ddc
_cBK
999 _c8056
_d8056
005 20220125165500.0